| Tag |
First Indicator |
Second Indicator |
Subfields |
| LEADER |
00000cam a2200000 4500 |
| 001 |
in00000471908 |
| 005 |
20151013051044.0 |
| 008 |
740708c19741973enka b 00110 eng d |
| 020 |
|
|
|a 070640288X
|
| 035 |
|
|
|a (OCoLC)00937607
|
| 035 |
|
|
|9 ACA8166AM
|
| 040 |
|
|
|c TLM
|d TXA
|d UtOrBLW
|
| 049 |
|
|
|a TXAM
|c [1028749]
|
| 090 |
|
|
|a QK477.2.I4
|b P6513
|
| 092 |
|
|
|a 582.16
|b Pok
|
| 100 |
1 |
|
|a Pokorný, Jaromír.
|
| 245 |
1 |
2 |
|a A color guide to familiar trees ;
|b leaves, bark and fruit /
|c by Jaomir Porkorny. Illustrated by Jirina Kaplicka. [Translated by Olga Kuthanova].
|
| 264 |
|
1 |
|a [London] :
|b Octopus Books,
|c [1974]
|
| 264 |
|
4 |
|c [©1973]
|
| 300 |
|
|
|a 183 pages :
|b illustrations (part color) ;
|c 20 cm.
|
| 336 |
|
|
|a text
|b txt
|2 rdacontent
|
| 337 |
|
|
|a unmediated
|b n
|2 rdamedia
|
| 338 |
|
|
|a volume
|b nc
|2 rdacarrier
|
| 504 |
|
|
|a Bibliography: page [180].
|
| 650 |
|
0 |
|a Trees
|v Identification.
|
| 700 |
1 |
|
|a Kaplická, Jiřina.
|
| 999 |
|
|
|a MARS
|
| 999 |
f |
f |
|s 79799f8a-c440-3bc6-9834-3165c3625850
|i b8bd69f2-b60f-3b39-8009-7c8bf62383ee
|t 0
|
| 952 |
f |
f |
|p ric
|a Texas A&M University
|b Rellis Campus
|c Joint Library Facility
|d Remote Storage
|t 0
|e QK477.2.I4 P6513
|h Library of Congress classification
|i unmediated -- volume
|m A14804886324
|
| 998 |
f |
f |
|a QK477.2.I4 P6513
|t 0
|l Remote Storage
|